All Benson Boone Songs - Statistics

General Stats
  • This quiz has been taken 1,250 times
    1,209 since last reset
  • The average score is 17 of 29
Answer Stats
Answer % Correct
Beautiful Things
89%
In The Stars
86%
In The Stars
86%
GHOST TOWN
82%
Ghost Town
82%
Coffee Cake
76%
Slow It Down
75%
Cry
71%
Sugar Sweet
70%
Be Someone
68%
Little Runaway
58%
Friend
57%
NIGHTS LIKE THESE
56%
Better Alone
55%
Drunk In My Mind
55%
Before You
54%
What Was
53%
Empty Heart Shaped Box
52%
Hello Love
52%
Work Of Art
52%
ROOM FOR 2
51%
Lovely Darling
50%
What Do You Want
46%
Forever and a Day
45%
Let Me Go
44%
Love Of Mine
44%
My Greatest Fear
44%
To Love Someone
44%
There She Goes
43%
No matching quizzes found
Score Distribution
Percent of People with Each Score
Percentile by Number Answered
Your Score History
You have not taken this quiz since the last reset